[Event "POL-chT"]
[Site "Jachranka"]
[Date "1987.??.??"]
[Round "4"]
[White "Seifert, Henryk"]
[Black "Ksieski, Zbigniew"]
[Result "1/2-1/2"]
[WhiteElo "2260"]
[BlackElo "2365"]

1.e4 c5 2.Nf3 Nc6 3.Bb5 e6 4.O-O Nge7 5.b3 Ng6 6.Bb2 Qc7 7.Bxc6 bxc6 8.e5 Be7
9.d3 f6 10.Qe1 O-O 11.Nbd2 fxe5 12.Nxe5 Nf4 13.g3 Nd5 14.f4 d6 15.Nef3 Bd7
16.Ne4 Rae8 17.c4 Nf6 18.Neg5 Bd8 19.Qd2 Ng4 20.Ne4 Nh6 21.Qc3 Re7 22.a3 a5
23.Qd2 Be8 24.b4 axb4 25.axb4 cxb4 26.c5 Nf5 27.Qxb4 dxc5 28.Qxc5 Qb7 29.Qc3 Bb6+
30.Kh1 Ne3 31.Rfb1 Nd5 32.Qb3 Bh5 33.Ne1 Nxf4 34.gxf4 Rxf4 35.Bd4 Bxd4 36.Qxb7 Rf1+
37.Kg2 Rg1+ 38.Kh3 Bg4+ 39.Kh4 g5+ 40.Kxg5 Bf5+ 41.Kf4 Rxb7 42.Rxb7 Bxa1
43.Nf3 Rg4+ 44.Ke3 Bxe4 45.dxe4 Rg2 46.Re7 e5 47.Nxe5 Bxe5 48.Rxe5 Rxh2 49.Re6 Rc2
50.Re7 Rg2 51.Rc7 Rg6 52.Kf4  1/2-1/2

[Event "Jakarta zt"]
[Site "Jakarta"]
[Date "1987.??.??"]
[Round "?"]
[White "Balinas, Rosendo Carrean"]
[Black "Sitanggang, Salor"]
[Result "1-0"]
[WhiteElo "2380"]
[BlackElo "2410"]

1.e4 c5 2.Nf3 Nc6 3.Bb5 e6 4.O-O Nge7 5.Re1 a6 6.Bf1 d5 7.d3 dxe4 8.dxe4 Qc7
9.Nbd2 Ng6 10.a4 Be7 11.Nc4 O-O 12.a5 Bd7 13.c3 Rad8 14.e5 Nb8 15.Bd3 Bb5
16.Qe2 Nc6 17.Qe4 Rd5 18.b3 Rd7 19.Bc2 Bxc4 20.bxc4 Nxa5 21.h4 Rc8 22.Ng5 Bxg5
23.Bxg5 Nc6 24.h5 Nf8 25.Ba4 h6 26.Bf6 gxf6 27.Qg4+ Kh8 28.exf6 Ng6 29.hxg6 fxg6
30.Rxe6 Rg8 31.Rae1 Rh7 32.Bxc6 bxc6 33.Re8 Qf7 34.Qc8  1-0

[Event "Kecskemet"]
[Site "Kecskemet"]
[Date "1987.??.??"]
[Round "?"]
[White "Kraut, Rainer"]
[Black "Gauglitz, Gernot"]
[Result "0-1"]
[WhiteElo "2360"]
[BlackElo "2480"]

1.e4 c5 2.Nf3 Nc6 3.Bb5 g6 4.O-O Bg7 5.c3 Nf6 6.d4 cxd4 7.cxd4 O-O 8.d5 Nb4
9.a3 Na6 10.e5 Ng4 11.d6 exd6 12.exd6 Qb6 13.a4 Nc5 14.h3 a6 15.hxg4 axb5
16.Be3 bxa4 17.Qc2 Ra5 18.Nbd2 Qc6 19.Rfc1 b6 20.Nc4 Nb3 21.Qd1 Rd5 22.Qe1 Nxc1  0-1

[Event "NOR-ch"]
[Site "Kristiansand"]
[Date "1987.??.??"]
[Round "?"]
[White "Haugli, Petter"]
[Black "Tisdall, Jonathan D"]
[Result "1/2-1/2"]
[WhiteElo "2370"]
[BlackElo "2450"]

1.e4 c5 2.Nf3 Nc6 3.Bb5 e6 4.O-O Nge7 5.d4 cxd4 6.Nxd4 Ng6 7.Nc3 Qc7 8.Kh1 a6
9.Be2 Be7 10.Be3 O-O 11.Qd2 b5 12.f4 Bb7 13.Bd3 Nxd4 14.Bxd4 f6 15.Be3 Rac8
16.Ne2 Bc5 17.c3 e5 18.Bxc5 Qxc5 19.Bc2 Bc6 20.Rad1 exf4 21.Nxf4 Ne5 22.Nd3  1/2-1/2

[Event "NOR-ch"]
[Site "Kristiansand"]
[Date "1987.??.??"]
[Round "?"]
[White "Moen, Ole Christian"]
[Black "Gausel, Einar"]
[Result "1-0"]
[WhiteElo "2320"]
[BlackElo "2315"]

1.e4 c5 2.Nf3 Nc6 3.Bb5 Nd4 4.Nxd4 cxd4 5.O-O e6 6.d3 Bc5 7.Nd2 a6 8.Ba4 b5
9.Bb3 Ne7 10.Nf3 d5 11.Bg5 f6 12.Bd2 O-O 13.c3 dxc3 14.Bxc3 Kh8 15.Rc1 Bb6
16.e5 Ng6 17.Bb4 Rf7 18.Bd6 Bc7 19.Bxc7 Rxc7 20.d4 fxe5 21.Nxe5 Nxe5 22.dxe5 Rxc1
23.Qxc1 Bd7 24.Qe3 Rc8 25.f4 Be8 26.f5 exf5 27.e6 d4 28.Qe5 Bg6 29.e7 Qd7
30.g4 Qc7 31.Rxf5 Qc1+ 32.Rf1 Qxf1+ 33.Kxf1 d3 34.Qf4  1-0

[Event "URS-FL"]
[Site "Kursk"]
[Date "1987.??.??"]
[Round "?"]
[White "Shabanov, Yuri"]
[Black "Panchenko, Alexander N"]
[Result "1-0"]
[WhiteElo "2410"]
[BlackElo "2455"]

1.e4 c5 2.Nf3 Nc6 3.Bb5 e6 4.O-O Nge7 5.b3 a6 6.Bxc6 bxc6 7.Ba3 Ng6 8.d4 Qa5
9.c3 Qb5 10.Qd2 Qb6 11.Rc1 Be7 12.Qe3 cxd4 13.cxd4 O-O 14.Bxe7 Nxe7 15.Nc3 f6
16.Nd2 d6 17.Nc4 Qd8 18.Qg3 d5 19.Nd6 dxe4 20.Ncxe4 f5 21.Ng5 Rf6 22.Nxc8 Rxc8
23.Qe3 Qd7 24.Nf3 Nd5 25.Qd2 Rff8 26.Rc4 Rfd8 27.Rac1 Ne7 28.Qe2 Ng6 29.g3 f4
30.Ng5 fxg3 31.hxg3 Re8 32.Qc2 e5 33.Rc5 Qxd4 34.Rxc6 Rb8 35.Rxg6 hxg6 36.Qxg6 Qb6
37.Rc6 Qb7 38.Rf6  1-0

[Event "URS-FL"]
[Site "Kursk"]
[Date "1987.??.??"]
[Round "?"]
[White "Shabanov, Yuri"]
[Black "Filipenko, Alexander V"]
[Result "1/2-1/2"]
[WhiteElo "2410"]
[BlackElo "2380"]

1.e4 c5 2.Nf3 Nc6 3.Bb5 e6 4.O-O Nge7 5.b3 a6 6.Bxc6 Nxc6 7.Bb2 b5 8.a4 b4
9.d3 f6 10.Nh4 Qe7 11.f4 Qf7 12.Nd2 Be7 13.Nc4 O-O 14.f5 Rb8 15.Qg4 d5 16.Ne3 d4
17.Nc4 exf5 18.Nxf5 Kh8 19.Qg3 Be6 20.Bc1 Bxc4 21.dxc4 g6 22.Nh6 Qe6 23.Bf4 Rbd8
24.Qf3 Bd6 25.Bxd6 Rxd6 26.Ng4 d3 27.cxd3 Nd4 28.Qh3 h5 29.e5 Rc6 30.Nxf6 Qxh3
31.gxh3 Nxb3 32.Ne4 Rf5 33.Nd6 Nxa1 34.Nxf5 gxf5 35.Rxa1 Kg7 36.Kf2 Kf7 37.Ke3 Rc8
38.Kf4 Ke6 39.Rg1 Rb8 40.Rg6+ Ke7 41.Kxf5 b3 42.Rg7+ Kf8 43.Rg1 b2 44.Rb1 Ke7
45.h4 a5 46.Ke4 Ke6 47.d4 cxd4 48.Kxd4 Rb3 49.h3 Kd7 50.c5 Ke6 51.c6 Rb4+
52.Kc3 Kd5 53.c7 Rc4+ 54.Kxb2 Rxc7 55.Ka3 Rc3+ 56.Rb3 Rxb3+ 57.Kxb3 Kxe5
58.Kc4 Ke4 59.Kc5 Ke5 60.Kb6  1/2-1/2

[Event "USA-op"]
[Site "Los Angeles"]
[Date "1987.??.??"]
[Round "2"]
[White "De la Garza, Arturo"]
[Black "Gulko, Boris F"]
[Result "0-1"]
[WhiteElo "2235"]
[BlackElo "2565"]

1.e4 c5 2.Nf3 Nc6 3.Bb5 e6 4.O-O Nge7 5.c3 a6 6.Ba4 b5 7.Bc2 Bb7 8.d4 cxd4
9.cxd4 Nb4 10.Nc3 Nxc2 11.Qxc2 Ng6 12.d5 Be7 13.Rd1 O-O 14.Be3 Rc8 15.Qb3 Qc7
16.Rac1 Qb8 17.a3 Bd6 18.a4 b4 19.Ne2 exd5 20.exd5 Rxc1 21.Nxc1 Ne7 22.Ne2 Rc8
23.Ng3 Qc7 24.Qd3 Nxd5 25.Ng5 g6 26.Qd4 Be7 27.Qh4 h5 28.Nxh5 Qc2 29.Re1 gxh5
30.Qxh5 Qg6 31.Qg4 Nxe3 32.Qxd7 Qxg5 33.Qxb7 Qxg2+ 34.Qxg2+ Nxg2 35.Rxe7 Nf4
36.h4 Rc1+ 37.Kh2 Rc2 38.Re4 Nd3  0-1

[Event "URS-FL"]
[Site "Lvov"]
[Date "1987.??.??"]
[Round "?"]
[White "Romanishin, Oleg M"]
[Black "Panchenko, Alexander N"]
[Result "1-0"]
[WhiteElo "2555"]
[BlackElo "2475"]

1.e4 c5 2.Nf3 Nc6 3.Bb5 g6 4.O-O Bg7 5.c3 Nf6 6.Re1 O-O 7.h3 Qb6 8.Bc4 Rd8
9.e5 Ne8 10.d4 d6 11.dxc5 Qxc5 12.Qb3 d5 13.Bb5 Nc7 14.Na3 Nxb5 15.Nxb5 Na5
16.Qa4 Nc4 17.b3 Nb6 18.Qb4 Qxb4 19.cxb4 Bd7 20.Nbd4 Rdc8 21.a4 Be8 22.Bg5 e6
23.Be7 Rc3 24.b5 Bf8 25.Bxf8 Kxf8 26.a5 Nd7 27.Rac1 Rac8 28.Rxc3 Rxc3 29.a6 Rc7
30.axb7 Rxb7 31.Rc1 h6 32.g4 Nb6 33.Ne1 Na8 34.Rc8 Nb6 35.Rc2 Na8 36.Rc8 Nb6
37.Rc2 Na8 38.Nd3 Nc7 39.Nc5 Rb6 40.Na4 Rb7 41.Nc5 Rb6 42.Nd7+ Bxd7 43.Rxc7 Bxb5
44.Rxa7 Be8 45.Ra2 Rb4 46.Rd2 g5 47.f3 Ke7  1-0

[Event "Moscow ch"]
[Site "Moscow"]
[Date "1987.??.??"]
[Round "?"]
[White "Vasiukov, Evgeni"]
[Black "Vyzmanavin, Alexey"]
[Result "1-0"]
[WhiteElo "2510"]
[BlackElo "2485"]

1.e4 c5 2.Nf3 Nc6 3.Bb5 g6 4.O-O Bg7 5.Re1 e5 6.Bxc6 dxc6 7.d3 Qe7 8.b4 cxb4
9.a3 b3 10.cxb3 Nf6 11.Nbd2 Bg4 12.h3 Bxf3 13.Nxf3 O-O 14.Qc2 Nd7 15.Be3 Rfd8
16.Qc3 h6 17.b4 Kh7 18.Rad1 Rac8 19.d4 exd4 20.Bxd4 Bxd4 21.Nxd4 Nf8 22.e5 Ne6
23.Nxe6 Qxe6 24.Rd4 Rxd4 25.Qxd4 b6 26.Rc1 Kg7 27.Rc3 Rc7 28.f4 Rd7 29.Qe4 Rd1+
30.Kh2 Rd5 31.Qc2 Qf5 32.Qxf5 gxf5 33.Rxc6 Rd3 34.Rc7 Rxa3 35.e6 Kf6 36.exf7 Kg7
37.Rc6 Kxf7 38.Rxh6 Ra4 39.Kg3 Rxb4 40.Rh7+ Kg6 41.Rxa7 Rb2 42.Rb7 Kh5 43.Rg7 Kh6
44.Rg5 Rb5 45.Kh4 Rc5 46.g4 fxg4 47.Rxc5 bxc5 48.Kxg4 c4 49.Kf3 c3 50.Ke3 Kg6
51.h4  1-0

[Event "Munich zt"]
[Site "Munich"]
[Date "1987.??.??"]
[Round "?"]
[White "Wittmann, Walter"]
[Black "Birnboim, Nathan"]
[Result "1/2-1/2"]
[WhiteElo "2400"]
[BlackElo "2465"]

1.e4 c5 2.Nf3 Nc6 3.Bb5 g6 4.O-O Bg7 5.c3 Nf6 6.Re1 O-O 7.d4 cxd4 8.cxd4 d5
9.e5 Ne4 10.Bxc6 bxc6 11.Nbd2 c5 12.dxc5 Nxc5 13.Nb3 Nxb3 14.Qxb3 d4 15.Re4 Qc7
16.Rxd4 Bb7 17.Bf4 Bxf3 18.Qxf3 Bxe5 19.Bxe5 Qxe5 20.Rad1 Rac8 21.Qd3 Rc6
22.g3  1/2-1/2

[Event "Netanya op"]
[Site "Netanya"]
[Date "1987.??.??"]
[Round "6"]
[White "Bosboom, Manuel"]
[Black "Afek, Yochanan"]
[Result "0-1"]
[WhiteElo "2365"]
[BlackElo "2360"]

1.e4 c5 2.Nf3 Nc6 3.Bb5 g6 4.O-O Bg7 5.c3 Nf6 6.d4 cxd4 7.cxd4 O-O 8.d5 Nb8
9.e5 Ne8 10.Re1 d6 11.Bxe8 Rxe8 12.e6 fxe6 13.dxe6 Rf8 14.Nc3 Na6 15.Nd5 Nc7
16.Bg5 Nxd5 17.Qxd5 Rf5 18.Qe4 Bxb2 19.Rad1 Bf6 20.Bxf6 Rxf6 21.Nd4 Rb8 22.Qh4 Qf8
23.g3 b6 24.Nc6 Bb7 25.Nxb8 Rxf2 26.Rf1 Rg2+ 27.Kh1 Rxg3+  0-1

[Event "Ostend op"]
[Site "Ostend"]
[Date "1987.??.??"]
[Round "4"]
[White "Werner, Dimo"]
[Black "Ree, Hans"]
[Result "0-1"]
[WhiteElo "2380"]
[BlackElo "2475"]

1.e4 c5 2.Nf3 Nc6 3.Bb5 g6 4.O-O Bg7 5.Re1 e5 6.b4 cxb4 7.a3 b3 8.cxb3 Nge7
9.Bb2 O-O 10.d4 exd4 11.Nxd4 Qb6 12.Nxc6 dxc6 13.Bxg7 Kxg7 14.Bc4 Rd8 15.Qc1 Qd4
16.Ra2 Qe5 17.Nd2 b5 18.Bf1 Be6 19.Rc2 Kg8 20.Rc3 Rd7 21.Nf3 Qg7 22.Ng5 Rad8
23.Nxe6 fxe6 24.g3 Rd2 25.Rf3 Qe5 26.h4 Kg7 27.a4 a6 28.Qa3 R8d6 29.axb5 cxb5
30.Qa5 Rc2 31.Re2 Rc1 32.Rd2 Rxd2 33.Qxd2 Qa1 34.Qd8 Rxf1+ 35.Kg2 Rg1+ 36.Kh3 Rh1+
37.Kg4 h5+  0-1

[Event "Porabka"]
[Site "Porabka"]
[Date "1987.??.??"]
[Round "7"]
[White "Gizynski, Tomasz"]
[Black "Genov, Petar"]
[Result "1/2-1/2"]
[WhiteElo "2280"]
[BlackElo "2375"]

1.e4 c5 2.Nf3 Nc6 3.Bb5 d6 4.c3 Bd7 5.h3 Nf6 6.d3 e6 7.O-O Be7 8.Nbd2 O-O
9.Re1 d5 10.Ba4 dxe4 11.dxe4 Qc7 12.e5 Nd5 13.Bc2 b5 14.Qe2 c4 15.Nf1 Rac8
16.Ng3 g6 17.Bg5 b4 18.Bxe7 Ncxe7 19.Qe4 bxc3 20.bxc3 f5 21.exf6 Rxf6 22.Qe5 Rff8
23.Qxc7 Rxc7 24.Ne4 Rb8 25.Rab1 Rcb7 26.Ne5 Rxb1 27.Rxb1 Rxb1+ 28.Bxb1 Bb5
29.g3 Nc6 30.Nxc6 Bxc6 31.Kf1 e5 32.Ke1 Kf8 33.Kd2 Ke7 34.h4 h6 35.Bc2 Nf6
36.Nxf6 Kxf6 37.Ke3 g5 38.hxg5+ hxg5 39.Bd1 Kf5 40.Be2 Bd5 41.Bd1 Ke6 42.Bc2 Kd6
43.Be4 Be6 44.Kf3 Bd5 45.Ke3 Be6 46.Bg6 Bd5 47.f4 exf4+ 48.gxf4 gxf4+ 49.Kxf4 Bg2
50.Bf7 Bf1 51.Ke4 Kc5 52.Ke5 Bg2  1/2-1/2

[Event "Porabka"]
[Site "Porabka"]
[Date "1987.??.??"]
[Round "7"]
[White "Borkowski, Franciszek"]
[Black "Podlesnik, Bogdan"]
[Result "1-0"]
[WhiteElo "2450"]
[BlackElo "2380"]

1.e4 c5 2.Nf3 Nc6 3.Bb5 Qb6 4.Nc3 e6 5.O-O Nge7 6.d3 Nd4 7.a4 Nec6 8.Bxc6 Nxc6
9.e5 d5 10.Re1 Be7 11.Bf4 a6 12.Ne2 h6 13.c3 Bd7 14.d4 cxd4 15.Nexd4 Nxd4
16.Qxd4 Qc7 17.Be3 Qc4 18.Qd1 b5 19.axb5 Qxb5 20.b4 O-O 21.Ra5 Qb7 22.Bc5 Bxc5
23.Rxc5 Rfc8 24.Rxc8+ Rxc8 25.Qa1 Bb5 26.Nd4 Qc7 27.Re3 Qc4 28.Rg3 Kh8 29.h4 Qc7
30.Qe1 Qe7 31.Rh3 Be8 32.Qe2 a5 33.Qa6 Qc7 34.bxa5 Rb8 35.Re3 Rb1+ 36.Kh2 Qd8
37.g3 Ra1 38.Nb3 Rb1 39.Nd4 Ra1 40.Rf3 Rxa5 41.Nxe6 Rxa6 42.Nxd8 Kg8 43.Nb7 Bc6
44.Nc5 Ra1 45.Nb3 d4 46.Nxa1 Bxf3 47.cxd4 Bd1 48.Kg2 Kf8 49.f4 Ke7 50.d5 f6
51.Kf2 fxe5 52.fxe5 g5 53.hxg5 hxg5 54.Ke1  1-0

[Event "Pucarevo zt"]
[Site "Pucarevo"]
[Date "1987.??.??"]
[Round "3"]
[White "Kotronias, Vasilios"]
[Black "Barlov, Dragan"]
[Result "0-1"]
[WhiteElo "2440"]
[BlackElo "2495"]

1.e4 c5 2.Nf3 Nc6 3.Bb5 d6 4.O-O Bd7 5.Re1 a6 6.Bf1 Nf6 7.c3 Bg4 8.d4 cxd4
9.cxd4 e5 10.d5 Nb8 11.Qb3 Nbd7 12.Qxb7 Nc5 13.Qb4 Bxf3 14.gxf3 Be7 15.Qa3 O-O
16.b4 Ncd7 17.Qa5 Qb8 18.Be3 Bd8 19.Qa4 a5 20.Nd2 axb4 21.Qb5 Bb6 22.Nc4 Bxe3
23.Qxb8 Rfxb8 24.fxe3 Ne8 25.a4 bxa3 26.Rxa3 Rxa3 27.Nxa3 Ra8 28.Nc4 Kf8
29.Bh3 Ra7 30.Rb1 Ke7 31.Kf2 g6 32.Rb2 Nef6 33.Bxd7 Nxd7 34.Rb5 Ra2+ 35.Kg3 Rc2
36.Na5 Nf6 37.Rb7+ Kf8 38.Rb6 Nh5+ 39.Kh3 Rf2 40.Nc4 Rxf3+ 41.Kg2 Rf6 42.Nxd6 Ke7
43.Nc8+ Kd7 44.Rxf6 Nxf6 45.Nb6+ Kc7 46.Nc4 Nxe4 47.Nxe5 f6 48.Nc4 Nc3 49.Kf3 Nxd5
50.h4 Nb6 51.Nd2 h5 52.Ke4 Kd6 53.Nf3 Nd7 54.Kf4 Nc5 55.e4 Ne6+ 56.Ke3 Kc5
57.Ne1 Kd6 58.Nd3 Ke7 59.e5 f5 60.Nb4 Kf7 61.Nd5 Kf8 62.Kf3 Kg7 63.Ne7 Nc7
64.Kf4 Kf7 65.Nc6 Ne6+ 66.Kg3 f4+ 67.Kh3 Ng7 68.Kg2 Ne6 69.Kh3 Kg7 70.Ne7 Kf8
71.Nd5 Kf7 72.Nf6 Nd4 73.Nd5 f3 74.Kg3 Ke6 75.Nf4+ Kxe5 76.Nxg6+ Ke4 77.Ne7 Ne2+
78.Kf2 Nf4 79.Ng8 Nd3+ 80.Kf1 Kf5 81.Ne7+ Kg4 82.Ng6 Kg3 83.Kg1 Nf4 84.Ne7 Ne2+
85.Kf1 Nd4 86.Nd5 Nc2  0-1

[Event "Reggio Emilia8788-B"]
[Site "Reggio Emilia"]
[Date "1987.??.??"]
[Round "6"]
[White "Rossi, Carlo"]
[Black "Paoli, Enrico"]
[Result "1-0"]
[WhiteElo "2310"]
[BlackElo "2220"]

1.e4 c5 2.Nf3 Nc6 3.Bb5 e6 4.O-O Nge7 5.c3 a6 6.Ba4 b5 7.Bc2 e5 8.d4 d6 9.dxc5 dxc5
10.Qe2 Ng6 11.Rd1 Qc7 12.a4 Rb8 13.axb5 axb5 14.Na3 Qb7 15.Be3 Be7 16.Rd5 Nf4
17.Qd2 Nxd5 18.exd5 Nd4 19.cxd4 cxd4 20.Bg5 f6 21.d6 Bxd6 22.Nxb5 Be7 23.Ra7 Qb6
24.Rxe7+ Kxe7 25.Qb4+ Kd8 26.Nxe5 Be6 27.Be4 Rc8 28.Bd2 Re8 29.h3 fxe5 30.Bg5+ Kd7
31.Qa4 Rb8 32.Nxd4+ Kd6 33.Nc6 Bd5 34.Nxb8 Rxb8 35.Be3 Qb5 36.Qa3+ Ke6 37.Bxh7 Ra8
38.Qc3 Qc4 39.Qd2 Ra1+ 40.Kh2 Qf1 41.Bg8+  1-0

[Event "Rilton Cup"]
[Site "Stockholm"]
[Date "1987.??.??"]
[Round "?"]
[White "Kyhle, Bo"]
[Black "Bergstrom, Christer"]
[Result "1-0"]
[WhiteElo "2305"]
[BlackElo "2440"]

1.e4 c5 2.Nf3 Nc6 3.Bb5 g6 4.O-O Bg7 5.c3 Nf6 6.Re1 O-O 7.d4 cxd4 8.cxd4 d5
9.e5 Ne4 10.Bxc6 bxc6 11.Nc3 Bf5 12.Nh4 Nxc3 13.bxc3 Be6 14.Qa4 Qd7 15.Rb1 f6
16.exf6 Bxf6 17.Nf3 Bf5 18.Rb2 Rab8 19.Rxb8 Rxb8 20.Bf4 Rb2 21.Ne5 Bxe5 22.Bxe5 Qb7
23.h3 Bb1 24.Qa5 Qb6 25.Qa3 Qb7 26.Bc7 Be4 27.Qxe7 Qc8 28.Be5 Qf8 29.Qh4 h6
30.Qg3 Rb1 31.f3 Bf5 32.Kh2 Rxe1 33.Qxe1 Qe7 34.Qd2 Kh7 35.Qb2 Bc8 36.Qb8 Qd7
37.Qb4 Kg8 38.Qb8 Kf7 39.Bc7 a6 40.Bg3 Qf5 41.Qc7+ Qd7 42.Qf4+ Kg7 43.Qe5+ Kg8
44.Qf6 Qe6 45.Qd8+ Kf7 46.Be5 h5 47.a4 Qf5 48.Bd6 Kg7 49.Qe7+ Kg8 50.Qe8+  1-0

[Event "Rilton Cup"]
[Site "Stockholm"]
[Date "1987.??.??"]
[Round "?"]
[White "Kyhle, Bo"]
[Black "Dukaczewski, Piotr"]
[Result "1-0"]
[WhiteElo "2305"]
[BlackElo "2205"]

1.e4 c5 2.Nf3 Nc6 3.Bb5 e6 4.O-O Nge7 5.c3 a6 6.Ba4 b5 7.Bc2 Bb7 8.Re1 d5
9.exd5 Nxd5 10.d4 cxd4 11.Nxd4 Be7 12.Nxc6 Bxc6 13.Be4 O-O 14.Nd2 f5 15.Bf3 Bc5
16.Nb3 Qd6 17.Nxc5 Qxc5 18.Rxe6 Rad8 19.Qd4 Qxd4 20.cxd4 Rfe8 21.Rxe8+ Rxe8
22.Bd2 Ne7 23.Be2 Bd5 24.Bd3 Kf7 25.a4 Bc4 26.Bxc4+ bxc4 27.Rc1 Rc8 28.Kf1 h6
29.Re1 Rd8 30.Bc3 Nc6 31.Rd1 Rd5 32.h4 g5 33.hxg5 hxg5 34.f3 f4 35.Kf2 Kg6
36.Re1 Kf5 37.Rh1 a5 38.Re1 Rd6 39.Re8 Nxd4 40.Rf8+ Kg6 41.Ra8 Nb3 42.Rc8 Rd1
43.Rxc4 Rc1 44.Rc6+ Kh7 45.Rc7+ Kg6 46.Bxa5 Ra1 47.Rc6+ Kh5 48.Bc3 Rxa4 49.Rb6 Nc1
50.Rb5 Ra6 51.Rd5 Re6 52.Rd1 Re2+ 53.Kf1 Rc2 54.Rd2 Rxd2 55.Bxd2 Nb3 56.Ke2 Kg6
57.Kd3 Kf5 58.Kc3 Nc5 59.b4 Ne6 60.Kc4 g4 61.b5 gxf3 62.gxf3 Ng5 63.b6 Nxf3
64.Be3  1-0

[Event "Rilton Cup"]
[Site "Stockholm"]
[Date "1987.??.??"]
[Round "?"]
[White "Kyhle, Bo"]
[Black "Schneider, Lars Ake"]
[Result "1/2-1/2"]
[WhiteElo "2305"]
[BlackElo "2435"]

1.e4 c5 2.Nf3 Nc6 3.Bb5 g6 4.O-O Bg7 5.c3 Nf6 6.Re1 O-O 7.h3 e5 8.d4 cxd4
9.cxd4 Nxd4 10.Nxd4 exd4 11.e5 Nd5 12.Bc4 Nb6 13.Qxd4 d6 14.Bb3 dxe5 15.Qxd8 Rxd8
16.Bg5 Re8 17.Nc3 h6 18.Be3 Bd7 19.a4 Be6 20.Bxe6 Rxe6 21.Nb5 Rc6 22.Red1 a6
23.Nd6 Rb8 24.a5 Nc8 25.Ne8 Ne7 26.Nxg7 Kxg7 27.Rd7  1/2-1/2

[Event "Rilton Cup"]
[Site "Stockholm"]
[Date "1987.??.??"]
[Round "?"]
[White "Schneider, Lars Ake"]
[Black "Bator, Robert"]
[Result "1/2-1/2"]
[WhiteElo "2435"]
[BlackElo "2405"]

1.e4 c5 2.Nf3 Nc6 3.Bb5 g6 4.O-O Bg7 5.c3 Qb6 6.Qe2 a6 7.Bxc6 Qxc6 8.d4 d6
9.Bf4 Bg4 10.Nbd2 Nf6 11.Rfe1 O-O 12.h3 Bxf3 13.Nxf3 cxd4 14.Nxd4 Qc7 15.e5 Nd5
16.Bg3 Bxe5 17.Bxe5 dxe5 18.Qxe5 Qxe5 19.Rxe5 e6 20.c4 Nb6 21.b3 Rad8 22.Nf3 Rd3
23.Kf1 Rfd8 24.Ke2 Kf8 25.Rc5 f6  1/2-1/2

[Event "Rilton Cup"]
[Site "Stockholm"]
[Date "1987.??.??"]
[Round "?"]
[White "Raaste, Eero J"]
[Black "Haik, Aldo"]
[Result "1-0"]
[WhiteElo "2405"]
[BlackElo "2445"]

1.e4 c5 2.Nf3 Nc6 3.Bb5 g6 4.O-O Bg7 5.c3 Nf6 6.d4 cxd4 7.cxd4 Nxe4 8.d5 Nb8
9.Qe2 Nd6 10.Nc3 O-O 11.Bg5 f6 12.Bf4 Na6 13.Rfd1 Nc7 14.Bd3 b6 15.h4 Bb7
16.h5 gxh5 17.Nh4 Qe8 18.Qc2 f5 19.Bxd6 exd6 20.Bxf5 Be5 21.Bxh7+ Kg7 22.Bg6 Qd8
23.g3 Rc8 24.Bxh5 Qg5 25.Qg6+ Qxg6 26.Nxg6 Rf5 27.g4 Rf3 28.Ne7 Rh8 29.Kg2 Rf6
30.Rac1 Ne6 31.Ne2 Bxb2 32.Rc2 Be5 33.Nf5+ Rxf5 34.gxf5 Nc5 35.Bf3 Kf6 36.Ng3 Ba6
37.Be2 Bb7 38.Bf3 Ba6 39.Be2 Bb7 40.Rc4 Ba6 41.f4 Bxc4 42.fxe5+ dxe5 43.Bxc4 Rh4
44.Be2 Ra4 45.Rh1 Rxa2 46.Rh6+ Kg7 47.Rg6+ Kf7 48.Kh3 Ne4 49.Nxe4 Rxe2 50.Ng5+ Kf8
51.f6 Rf2 52.Nh7+ Kf7 53.Rg7+  1-0

[Event "Rilton Cup"]
[Site "Stockholm"]
[Date "1987.??.??"]
[Round "?"]
[White "Raaste, Eero J"]
[Black "Winge, Stefan"]
[Result "1-0"]
[WhiteElo "2405"]
[BlackElo "2275"]

1.e4 c5 2.Nf3 Nc6 3.Bb5 d6 4.O-O Bd7 5.d4 cxd4 6.Nxd4 Nf6 7.Nc3 e6 8.Bxc6 bxc6
9.e5 dxe5 10.Nf3 Qc7 11.Qe2 Bd6 12.Re1 O-O 13.Nxe5 Nd5 14.Nxd7 Nxc3 15.Qd3 Rfd8
16.Qxc3 Rxd7 17.g3 Rb8 18.a3 Rb5 19.Qc4 Qb7 20.b4 c5 21.c3 cxb4 22.cxb4 Be5
23.Rb1 Bd4 24.Be3 Rbd5 25.Rbc1 Bxe3 26.Qc8+ Qxc8 27.Rxc8+ Rd8 28.Rxd8+ Rxd8
29.Rxe3 Kf8 30.Rc3 Rd7 31.Kf1 Ke7 32.Ke2 Rd5 33.Rc7+ Rd7 34.Rxd7+ Kxd7 35.Kd3 Kc6
36.Kc4 Kb6 37.a4 a6 38.Kd4 Kc6 39.Ke5 Kc7 40.h4 Kc6 41.h5 h6 42.Kd4  1-0

[Event "Tbilisi"]
[Site "Tbilisi"]
[Date "1987.??.??"]
[Round "?"]
[White "Shabanov, Yuri"]
[Black "Lanc, Alois"]
[Result "1-0"]
[WhiteElo "2410"]
[BlackElo "2495"]

1.e4 c5 2.Nf3 Nc6 3.Bb5 g6 4.O-O Bg7 5.Bxc6 dxc6 6.d3 e5 7.a4 Bg4 8.Nbd2 Qe7
9.Nc4 f6 10.h3 Be6 11.Be3 Nh6 12.Nfd2 Nf7 13.Nb3 Bxc4 14.Bxc5 Qe6 15.dxc4 Qxc4
16.Qg4 Nh6 17.Qf3 b6 18.Be3 O-O 19.Nd2 Qxc2 20.Qe2 Rad8 21.Rfc1 Qd3 22.Qxd3 Rxd3
23.Rxc6 f5 24.Nc4 f4 25.Bd2 Nf7 26.Bc3 Rfd8 27.f3 Nd6 28.Nxd6 R3xd6 29.Rxd6 Rxd6
30.Kf1 Kf7 31.Ke2 Ke6 32.b4 Rc6 33.Kd3 a6 34.Kc2 Bf6 35.Kb3 Bh4 36.b5 axb5
37.axb5 Rc5 38.Bb4 Rc7 39.Ra8 Rc1 40.Bc3 Rb1+ 41.Kc4 Be1 42.Bxe1 Rxe1 43.Rb8 Rc1+
44.Kb3 Rb1+ 45.Kc4 Rc1+ 46.Kd3 Rd1+ 47.Ke2 Rd6 48.Rb7 h5 49.h4 Kf6 50.Ke1 Ke6
51.Ke2 Kf6 52.Kf1 Ke6 53.Kg1 Rd1+ 54.Kh2 Rd6 55.Rg7 Kf6 56.Rc7 Ke6 57.Rb7 Kf6
58.g4 fxg3+ 59.Kxg3 Ke6 60.Kf2 Kf6 61.Rc7 Rd2+ 62.Kg3 Rd6 63.Kh3 Ke6 64.Kg2 Rd7
65.Rc3 Rd1 66.Rc7 Rd7 67.Rxd7 Kxd7 68.f4 exf4 69.Kf3 Kd6 70.Kxf4 Kc5 71.Kg5 Kxb5
72.e5 Kc6 73.Kf6  1-0

[Event "Tirnavia-B"]
[Site "Trnava"]
[Date "1987.??.??"]
[Round "3"]
[White "Franzen, Josef"]
[Black "Karlik, Vladimir"]
[Result "1/2-1/2"]
[WhiteElo "2365"]
[BlackElo "2320"]

1.e4 c5 2.Nf3 Nc6 3.Bb5 Nf6 4.e5 Nd5 5.Nc3 Nc7 6.Bxc6 dxc6 7.O-O Bg4 8.h3 Bxf3
9.Qxf3 g6 10.Re1 Bg7 11.d3 O-O 12.Bf4 Ne6 13.Bg3 Qd7  1/2-1/2

[Event "Tirnavia-B"]
[Site "Trnava"]
[Date "1987.??.??"]
[Round "5"]
[White "Franzen, Josef"]
[Black "Spiridonov, Nikola"]
[Result "0-1"]
[WhiteElo "2365"]
[BlackElo "2420"]

1.e4 c5 2.Nf3 Nc6 3.Bb5 e6 4.O-O Nge7 5.Nc3 a6 6.Bxc6 Nxc6 7.d4 cxd4 8.Nxd4 d6
9.Be3 Be7 10.f4 O-O 11.Kh1 Bd7 12.Qh5 Bf6 13.Nde2 Qc7 14.f5 Ne5 15.Bg5 Bxg5
16.Qxg5 f6 17.Qg3 b5 18.fxe6 Bxe6 19.Nf4 Rae8 20.a4 b4 21.Ncd5 Qxc2 22.Rac1 Qxb2
23.Rc7 Ng6 24.Nxg6 hxg6 25.Ne7+ Rxe7 26.Rxe7 Bf7 27.Qxd6 Qe2 28.Rb1 b3 29.Qa3 Rd8
30.h3 g5 31.Rxf7 Kxf7 32.Qxb3+ Kg6 33.Qe6 Rd1+ 34.Rxd1 Qxd1+ 35.Kh2 Qxa4
36.Qf5+ Kh6 37.h4 gxh4 38.Qf4+ Kg6 39.Qxh4 Qb5 40.Qg4+ Kf7 41.g3 a5 42.Qf4 Qe5
43.Qe3 Kg6 44.Qd3 a4 45.Kh3 Qe6+ 46.Kh4 Kh6  0-1

[Event "Wuerzburg op"]
[Site "Wuerzburg"]
[Date "1987.??.??"]
[Round "4"]
[White "Rigo, Janos"]
[Black "Novoselski, Zoran"]
[Result "1-0"]
[WhiteElo "2355"]
[BlackElo "2340"]

1.e4 c5 2.Nf3 Nc6 3.Bb5 g6 4.O-O Bg7 5.c3 Nf6 6.e5 Nd5 7.d4 cxd4 8.cxd4 O-O
9.Nc3 Nc7 10.Bc4 d6 11.e6 fxe6 12.Re1 d5 13.Bf1 Ne8 14.g3 Nd6 15.Bg2 Nf5
16.Be3 Kh8 17.g4 Nxe3 18.Rxe3 e5 19.Nxe5 Nxe5 20.dxe5 d4 21.Rd3 Bxe5 22.Nb5 Rf4
23.h3 Qb6 24.a4 Be6 25.Qe2 Bf6 26.Rc1 Rc8 27.Rxc8+ Bxc8 28.g5 Bxg5 29.Qe5+ Qf6
30.Qb8 Qf5 31.Nxd4 Qxd3 32.Qxc8+ Kg7 33.Ne6+ Kf6 34.Nxf4 Qd1+ 35.Bf1 Bxf4
36.Qf8+ Ke5 37.Qxe7+ Kf5 38.Qxb7 Qxa4 39.Qf7+ Kg5 40.Qxh7 Be5 41.Qe7+ Bf6
42.Qe3+ Qf4 43.h4+  1-0

[Event "EU-ch U20"]
[Site "Arnhem"]
[Date "1988.??.??"]
[Round "2"]
[White "Wahls, Matthias"]
[Black "Degraeve, Jean Marc"]
[Result "0-1"]
[WhiteElo "2460"]
[BlackElo "2315"]

1.e4 c5 2.Nf3 Nc6 3.Bb5 Qb6 4.Ba4 Nf6 5.e5 Nd5 6.O-O e6 7.c4 Nde7 8.Bc2 Ng6
9.Re1 Qc7 10.Qe2 d6 11.exd6 Bxd6 12.Nc3 a6 13.Ne4 Be7 14.Qe3 O-O 15.d4 cxd4
16.Nxd4 Nce5 17.Nd2 Bd6 18.Qc3 Ng4 19.g3 Qc5 20.Re2 Qh5 21.f3 Nf6 22.Nf1 b6
23.Rf2 Bb7 24.Be3 Ne5 25.Nd2 Rac8 26.Qb3 Bc5 27.Qc3 Bd6 28.Qb3 b5 29.cxb5 Bd5
30.Qa4 Nc4 31.Nxc4 Rxc4 32.Qxa6 Bc5 33.Bb3 Bxd4 34.Bxd4 Rxd4 35.Bxd5 Qxd5
36.a4 Rd1+ 37.Rxd1 Qxd1+ 38.Kg2 Nd5 39.Qa7 Qe1 40.f4 Rd8 41.Rf3 Qe4 42.a5 Qe2+  0-1

[Event "EU-ch U20"]
[Site "Arnhem"]
[Date "1988.??.??"]
[Round "5"]
[White "Djurhuus, Rune"]
[Black "Thorhallsson, Throstur"]
[Result "1/2-1/2"]
[WhiteElo "2305"]
[BlackElo "2410"]

1.e4 c5 2.Nf3 Nc6 3.Bb5 g6 4.O-O Bg7 5.c3 Qb6 6.Na3 Nf6 7.e5 Nd5 8.Bc4 e6
9.d4 cxd4 10.cxd4 O-O 11.Bb3 Na5 12.Nc4 Nxc4 13.Bxc4 d6 14.b3 dxe5 15.dxe5 Bd7
16.Re1 Bc6 17.Nd4 Nc3 18.Qd3 Rfd8 19.Qxc3 Qxd4 20.Qxd4 Rxd4 21.Bb2 Rd2 22.Bc3 Rc2
23.Bd4 a6 24.Re2  1/2-1/2

[Event "Bad Woerishofen op"]
[Site "Bad Woerishofen"]
[Date "1988.??.??"]
[Round "6"]
[White "Ambroz, Jan"]
[Black "Schmid, Guenter"]
[Result "1/2-1/2"]
[WhiteElo "2445"]
[BlackElo "2310"]

1.e4 c5 2.Nf3 Nc6 3.Bb5 g6 4.O-O Bg7 5.Re1 e5 6.Bxc6 dxc6 7.d3 Qe7 8.Nbd2 Nh6
9.Nc4 f6 10.a4 b6 11.h3 Be6 12.Be3 Nf7 13.a5 Bxc4 14.dxc4 O-O 15.Qd3 Bh6
16.Bxh6 Nxh6 17.Qb3 Qb7 18.Ra3 Nf7 19.Rea1 b5 20.Qe3 bxc4 21.b3 Qe7 22.a6 cxb3
23.Rxb3 Rab8 24.Rab1 Rb4 25.c3 Rxb3 26.Rxb3 Rd8 27.Rb7 Rd7 28.Rxd7 Qxd7 29.Qxc5 Kg7
30.Qb4 Nd8 31.Kh2 Kf7 32.Qb8 Ke7 33.Ne1 Ke8 34.Nc2 Qe7 35.Ne3 Qc5 36.Qc7 Qe7
37.Qb8 Qc5 38.Qc7 Qe7  1/2-1/2